Revista Perspectivas de las Ciencias Econm̤icas y Jurd̕icas

Detalles Bibliográficos
Formato: Revista
Publicado: Argentina: Universidad Nacional de La Pampa, 2011- .
Materias:
Acceso en línea:Acceso restringido

MARC

LEADER 00000nas a22000007a 4500
005 20161003151147.0
007 cr|||| ||u|
008 161003c20119999Ag |||||o|||| 00| 0 Spa d
022 |a 2250-4087  
035 |a 14367 
040 |a vLex 
090 |c 6261  |d 6261 
245 0 |a Revista Perspectivas de las Ciencias Econm̤icas y Jurd̕icas  |h [Recurso electrn̤ico] 
256 |a Servicios en ln̕ea 
260 |a Argentina:  |b Universidad Nacional de La Pampa,  |c 2011- . 
300 |a 1 Recurso electrn̤ico 
362 |a Num.1 (2011) -  
506 1 |a Disponible solo en los productos indicados.  |d vLex Global  |d vLex Global (Academic Edition, excluding Law Schools)  |d vLex Global (U.S. Academic Edition, Law Schools)  |d vLex Global (U.S. Academic Edition, excluding Law Schools)  |d vLex Global (Academic Edition, Law Schools) 
650 0 4 |a Economa̕  |z Argentina 
650 0 4 |a Derecho  |z Argentina 
740 0 |a vLex libros (Servicio en ln̕ea) 
856 4 0 |z Acceso restringido  |u http://vlex.com/source/revista-perspectivas-ciencias-economicas-juridicas-14367 
942 |c REV 
999 0 |a Law 
999 0 |a Economics